| 000 | 00396nam a2200145Ia 4500 | ||
|---|---|---|---|
| 008 | 180921t2014 xxu||||| |||| 00| 0 eng d | ||
| 041 | _aeng | ||
| 080 |
_a321 _bSIN |
||
| 245 | _aSino - Lanka Partnership to Greater Heights | ||
| 260 |
_bMinistry Of Finance and Planning Sri Lanka _aColombo _c2014 |
||
| 300 | _b96p, 25cm | ||
| 942 | _cBK | ||
| 999 |
_c5147 _d5147 |
||
| 003 | LK-CoDNM | ||
| 040 |
_aLK-CoDNM _dLK-CoDNM _eLK-CoDNM |
||